[Event "GCT Rapid YourNextMove"]
[Site "Leuven BEL"]
[Date "2017.06.29"]
[Round "6.5"]
[White "Kramnik, Vladimir"]
[Black "Aronian, Levon"]
[Result "0-1"]
[WhiteTitle "GM"]
[BlackTitle "GM"]
[WhiteElo "2808"]
[BlackElo "2793"]
[WhiteFideId "4101588"]
[BlackFideId "13300474"]
[EventDate "2017.06.28"]

1. e4 e5 2. Nf3 Nc6 3. Bc4 Bc5 4. O-O Nf6 5. d3 O-O 6. c3 a6 7. h3 Ba7 8. Re1 d6
9. Bb3 Kh8 10. Be3 Bxe3 11. Rxe3 Nd7 12. d4 Qf6 13. Na3 Nb6 14. Nc2 Na5 15. Nb4
Nxb3 16. axb3 exd4 17. cxd4 Bd7 18. Rc1 Rac8 19. Rec3 c6 20. Qd2 Rfe8 21. Re3 c5
22. Nc2 Qg6 23. Qe1 h6 24. Rd1 Nd5 25. Nh4 Qh7 26. exd5 Qxc2 27. Rc1 Qxb2 28.
dxc5 dxc5 29. Nf5 Rxe3 30. Nxe3 b5 31. Qd1 a5 32. Ra1 Ra8 33. Rb1 Qf6 34. Qc1
Qd6 35. Qb2 a4 36. bxa4 Rxa4 37. Rc1 f5 38. Rd1 Ra8 39. Nf1 f4 40. Nh2 b4 41.
Nf3 c4 42. Qd4 c3 43. Ne5 Qf6 44. Re1 Re8 45. g3 fxg3 46. f4 Rxe5 47. fxe5 Qf3
48. e6 Bb5 49. e7 c2 50. d6 b3 51. e8=Q+ Bxe8 52. Rxe8+ Kh7 53. Re1 b2 54. Qd2
Qf2+ 55. Qxf2 gxf2+ 56. Kxf2 c1=Q 0-1

[Event "GCT Rapid YourNextMove"]
[Site "Leuven BEL"]
[Date "2017.06.30"]
[Round "7.1"]
[White "Nepomniachtchi, Ian"]
[Black "So, Wesley"]
[Result "1/2-1/2"]
[WhiteTitle "GM"]
[BlackTitle "GM"]
[WhiteElo "2732"]
[BlackElo "2812"]
[WhiteFideId "4168119"]
[BlackFideId "5202213"]
[EventDate "2017.06.28"]

1. c4 c5 2. Nf3 Nf6 3. Nc3 Nc6 4. e3 e6 5. d4 d5 6. a3 dxc4 7. Bxc4 a6 8. O-O b5
9. Ba2 Bb7 10. h3 Qc7 11. Qe2 Rd8 12. Rd1 Be7 13. d5 exd5 14. Nxd5 Nxd5 15. Bxd5
O-O 16. e4 Na5 17. Bd2 Bxd5 18. Bxa5 Qxa5 19. Rxd5 c4 20. Nd4 Qb6 21. Rd1 g6 22.
a4 Bf6 23. Nf3 Rxd5 24. exd5 Rd8 25. axb5 Qxb5 26. d6 Bxb2 27. Qe7 Qd7 28. Rd5
Ba3 29. Qf6 Bxd6 30. Ng5 Bh2+ 31. Kxh2 Qxd5 32. Nxf7 Qxf7 33. Qxd8+ Kg7 34. Qd4+
Kf8 35. Qd8+ Qe8 36. Qd6+ Qe7 37. Qf4+ Qf7 38. Qd6+ Kg8 39. Qd8+ Qf8 40. Qd5+
Qf7 1/2-1/2

[Event "GCT Rapid YourNextMove"]
[Site "Leuven BEL"]
[Date "2017.06.30"]
[Round "7.2"]
[White "Giri, Anish"]
[Black "Carlsen, Magnus"]
[Result "1/2-1/2"]
[WhiteTitle "GM"]
[BlackTitle "GM"]
[WhiteElo "2771"]
[BlackElo "2832"]
[WhiteFideId "24116068"]
[BlackFideId "1503014"]
[EventDate "2017.06.28"]

1. d4 Nf6 2. c4 g6 3. Nc3 Bg7 4. e4 d6 5. Nf3 O-O 6. Be2 c5 7. O-O Re8 8. Be3
Ng4 9. Bg5 h6 10. Bc1 Nd7 11. h3 cxd4 12. Nxd4 Ngf6 13. Be3 b6 14. Qd2 h5 15.
Bh6 Bb7 16. Bxg7 Kxg7 17. Qe3 Nc5 18. e5 dxe5 19. Qxe5 Qd6 20. Qxd6 exd6 21.
Rfd1 d5 22. cxd5 Nxd5 23. Nxd5 Bxd5 24. Bxh5 Bxg2 25. Kxg2 gxh5 26. Rd2 Kf6 27.
Rad1 Re4 28. b4 Ne6 29. Nxe6 fxe6 30. Rd4 Rxd4 31. Rxd4 Rc8 32. a4 a5 33. Rd6
Rc4 34. Rxb6 Rxb4 35. Rxb4 axb4 36. a5 b3 37. a6 b2 38. a7 b1=Q 39. a8=Q Qg6+
40. Kh2 Qf5 41. Qh8+ Ke7 42. Qd4 1/2-1/2

[Event "GCT Rapid YourNextMove"]
[Site "Leuven BEL"]
[Date "2017.06.30"]
[Round "7.4"]
[White "Aronian, Levon"]
[Black "Ivanchuk, Vassily"]
[Result "1/2-1/2"]
[WhiteTitle "GM"]
[BlackTitle "GM"]
[WhiteElo "2793"]
[BlackElo "2738"]
[WhiteFideId "13300474"]
[BlackFideId "14100010"]
[EventDate "2017.06.28"]

1. d4 Nf6 2. c4 e6 3. Nf3 b6 4. g3 Bb7 5. Bg2 Be7 6. O-O O-O 7. Nc3 Ne4 8. Bd2
f5 9. Qc2 Nxc3 10. Qxc3 Bf6 11. Rad1 Nc6 12. Qe3 Ne7 13. Bc3 Qe8 14. Ne1 Bxg2
15. Nxg2 Ng6 16. Qd3 Rd8 17. e4 fxe4 18. Qxe4 d5 19. cxd5 exd5 20. Qc2 Qd7 21.
Rd3 Rfe8 22. Qd1 Re4 23. f3 Re7 24. Bb4 Ree8 25. Bc3 c5 26. f4 c4 27. Re3 Ne7
28. g4 Nc6 29. g5 Rxe3 30. Nxe3 Re8 31. Nxc4 Bxd4+ 32. Bxd4 dxc4 33. Bc3 Qf5 34.
Re1 Rxe1+ 35. Qxe1 Kf7 36. Qd1 Qe4 37. Qd7+ Ne7 38. Qxa7 Qe3+ 39. Kg2 Qe2+ 40.
Kg1 Qe3+ 41. Kg2 1/2-1/2

[Event "GCT Rapid YourNextMove"]
[Site "Leuven BEL"]
[Date "2017.06.30"]
[Round "7.5"]
[White "Jobava, Baadur"]
[Black "Kramnik, Vladimir"]
[Result "0-1"]
[WhiteTitle "GM"]
[BlackTitle "GM"]
[WhiteElo "2707"]
[BlackElo "2808"]
[WhiteFideId "13601520"]
[BlackFideId "4101588"]
[EventDate "2017.06.28"]

1. d4 d5 2. c4 e6 3. Nc3 Nf6 4. Bg5 Be7 5. e3 h6 6. Bh4 O-O 7. Rc1 b6 8. Bxf6
Bxf6 9. cxd5 exd5 10. g3 c6 11. Bh3 Bb7 12. Nge2 Re8 13. O-O Na6 14. Nf4 Qd6 15.
Qf3 Rad8 16. Rfd1 Nc7 17. Bf5 g6 18. Bb1 Bg7 19. h4 Qf6 20. Kg2 c5 21. Nce2 Qe7
22. b3 Ba8 23. Kg1 c4 24. Kg2 b5 25. Rh1 Rd6 26. g4 b4 27. Ng3 Ne6 28. h5 Nxf4+
29. exf4 Bxd4 30. hxg6 fxg6 31. Rce1 Qxe1 32. Rxe1 Rxe1 33. f5 Rf6 34. g5 hxg5
35. Qg4 Be5 36. fxg6 Bxg3 37. Qc8+ Rf8 38. Qd7 d4+ 39. f3 Bxf3+ 40. Kxg3 Rg1+
41. Kh2 Rg2+ 42. Kh1 Rb2+ 43. Kg1 Rxb1+ 44. Kh2 Rh1+ 0-1

[Event "GCT Rapid YourNextMove"]
[Site "Leuven BEL"]
[Date "2017.06.30"]
[Round "8.1"]
[White "So, Wesley"]
[Black "Aronian, Levon"]
[Result "1-0"]
[WhiteTitle "GM"]
[BlackTitle "GM"]
[WhiteElo "2812"]
[BlackElo "2793"]
[WhiteFideId "5202213"]
[BlackFideId "13300474"]
[EventDate "2017.06.28"]

1. Nf3 d5 2. g3 c6 3. Bg2 Bf5 4. O-O e6 5. c4 dxc4 6. a4 Nd7 7. Na3 Bxa3 8. Rxa3
Ngf6 9. Nh4 O-O 10. Nxf5 exf5 11. Qc2 Re8 12. Re3 Qa5 13. Qxc4 Nb6 14. Qc2 Ng4
15. Rxe8+ Rxe8 16. e3 Nxa4 17. b3 Nb6 18. Bb2 Qb5 19. h3 Nf6 20. Ra1 Ne4 21. d3
Nf6 22. Rxa7 Nc8 23. Ra4 Nd5 24. Qc4 Nc7 25. Qc3 Ne6 26. Ra5 Qb6 27. Rxf5 Nd6
28. Rg5 Kf8 29. Rh5 Nb5 30. Qb4+ Kg8 31. Qe4 h6 32. Qg4 Qa5 33. Rxh6 Qe1+ 34.
Bf1 Nc3 35. Bxc3 Qxc3 36. Rh4 Qxb3 37. Qh5 Kf8 38. Qe5 Ke7 39. Re4 Ra8 40. Qxg7
Qd1 41. Qg5+ Kd7 42. Qf6 Ra1 43. Qxf7+ Kd8 44. Qf6+ Kc7 45. Qe5+ Kb6 46. Qxa1
Qxa1 47. Rxe6 Kc7 48. d4 b5 49. Re7+ Kd6 50. Rb7 Qa8 51. Rg7 b4 52. Bc4 Qa3 53.
Rb7 Qc1+ 54. Bf1 Qb1 55. h4 c5 56. dxc5+ Kxc5 57. h5 Kc6 58. Rb8 b3 59. h6 b2
60. h7 Qxh7 61. Rxb2 Qg7 62. Rd2 Qa1 63. Kg2 Kc5 64. Rd4 Qa8+ 65. Kg1 Qa1 66. g4
Qb1 67. g5 Qf5 68. Bg2 Qg6 69. Kh2 Qh5+ 70. Kg1 Qg6 71. Rd5+ Kc6 72. Kh2 Kc7 73.
Kg3 Qc2 74. e4 Qc3+ 75. Bf3 Qg7 76. Bg2 Qc3+ 77. Kg4 Qb2 78. Rf5 Kd6 79. g6 Ke7
80. Bh3 Qe2+ 81. f3 Qb2 82. Kg5 Qc1+ 83. f4 Qa1 84. e5 Qa8 85. Rf7+ 1-0

[Event "GCT Rapid YourNextMove"]
[Site "Leuven BEL"]
[Date "2017.06.30"]
[Round "8.3"]
[White "Carlsen, Magnus"]
[Black "Anand, Viswanathan"]
[Result "1/2-1/2"]
[WhiteTitle "GM"]
[BlackTitle "GM"]
[WhiteElo "2832"]
[BlackElo "2786"]
[WhiteFideId "1503014"]
[BlackFideId "5000017"]
[EventDate "2017.06.28"]

1. c4 e5 2. e3 Nf6 3. Nc3 Bb4 4. Nge2 c6 5. a3 Ba5 6. b4 Bc7 7. d4 O-O 8. d5 d6
9. Ng3 a5 10. Rb1 axb4 11. axb4 Nbd7 12. Bd3 c5 13. b5 Ba5 14. Bb2 Re8 15. O-O
Nf8 16. Qc2 Ng6 17. Nce4 Ng4 18. h3 Nh6 19. Nh5 f5 20. Neg3 Nh4 21. f4 g6 22. e4
gxh5 23. exf5 e4 24. Bxe4 Rxe4 25. Qxe4 Bxf5 26. Nxf5 N4xf5 27. Ra1 b6 28. g4
hxg4 29. hxg4 Nd4 30. Bxd4 cxd4 31. g5 Nf7 32. Rf3 Bd2 33. Rxa8 Qxa8 34. Qxd4
Bb4 35. Qe4 Qa2 36. Kh1 Bc5 37. Rf1 Qd2 38. Qf3 Qc2 39. Re1 Qxc4 40. Kg2 Qxb5
41. Re7 Qb2+ 42. Kg3 Qd4 43. Re4 Qg1+ 44. Kh3 h6 45. Re6 hxg5 46. Rg6+ Kf8 47.
fxg5 Qe3 48. Rf6 Qxf3+ 49. Rxf3 Kg7 50. Kh4 b5 51. Kh5 b4 52. Rf1 Bd4 53. Rf4
Bc5 54. Rf1 Ne5 55. Ra1 Nd3 56. Rd1 Nf4+ 57. Kg4 Ne2 58. Re1 Nc3 59. Re7+ Kf8
60. Rb7 Nxd5 61. g6 Ne7 1/2-1/2

[Event "GCT Rapid YourNextMove"]
[Site "Leuven BEL"]
[Date "2017.06.30"]
[Round "8.4"]
[White "Jobava, Baadur"]
[Black "Giri, Anish"]
[Result "1/2-1/2"]
[WhiteTitle "GM"]
[BlackTitle "GM"]
[WhiteElo "2707"]
[BlackElo "2771"]
[WhiteFideId "13601520"]
[BlackFideId "24116068"]
[EventDate "2017.06.28"]

1. d4 Nf6 2. Bg5 d5 3. Nd2 c5 4. e3 cxd4 5. exd4 Qb6 6. Ngf3 Nc6 7. Bxf6 gxf6 8.
Nb3 Bg4 9. c3 e6 10. Be2 O-O-O 11. O-O Rg8 12. Nh4 f5 13. f3 Bh3 14. f4 Qc7 15.
Kh1 Be7 16. gxh3 Bxh4 17. Nc5 Be7 18. Nd3 Bd6 19. Bh5 Rg7 20. Qf3 Rdg8 21. Rg1
Rxg1+ 22. Rxg1 Rxg1+ 23. Kxg1 Qe7 24. Qg3 Qf8 25. Kf1 Ne7 26. h4 Ng6 27. Bf3 Kd7
28. h5 Nxf4 29. Ne5+ Bxe5 30. dxe5 Nd3 31. Bxd5 exd5 32. Qxd3 Ke6 33. Qe3 b6 34.
Qg5 Qh8 35. Qh6+ Kxe5 36. Qe3+ Kd6 37. Qh6+ Kd7 38. Qf4 Ke6 39. Qh6+ Qf6 40.
Qxh7 Qg5 41. h6 Qc1+ 42. Ke2 Qxb2+ 43. Kd3 Qb1+ 44. Kd2 Qxa2+ 45. Kc1 Qa3+ 46.
Kc2 Qa4+ 47. Kb2 Qb5+ 48. Kc1 Qf1+ 49. Kb2 Qe2+ 50. Ka3 Qa6+ 51. Kb2 Qb5+ 52.
Kc1 d4 53. cxd4 Qc4+ 54. Kb1 Qd3+ 55. Ka2 Qc2+ 56. Ka1 Qc3+ 57. Ka2 Qd2+ 58. Kb1
Qd3+ 59. Ka2 Qe2+ 60. Kb3 Qf3+ 61. Ka2 Qg2+ 62. Kb3 Qf3+ 63. Ka2 Qe2+ 64. Kb1
Qd1+ 65. Ka2 Qa4+ 66. Kb1 Qb3+ 67. Ka1 Qd1+ 68. Ka2 Qd2+ 69. Kb1 Qb4+ 70. Ka2
Qc4+ 71. Kb1 Qb5+ 72. Ka2 Qe2+ 73. Kb3 Qb5+ 74. Kc3 Qc6+ 75. Kb3 Qf3+ 76. Ka2
Qf2+ 77. Kb3 Qxd4 78. Qg7 Qe3+ 79. Ka4 Qe4+ 80. Kb3 Qd3+ 81. Kb2 Qe2+ 82. Ka3
Qe3+ 83. Ka2 Qf2+ 84. Kb3 1/2-1/2

[Event "GCT Rapid YourNextMove"]
[Site "Leuven BEL"]
[Date "2017.06.30"]
[Round "9.1"]
[White "Ivanchuk, Vassily"]
[Black "So, Wesley"]
[Result "1/2-1/2"]
[WhiteTitle "GM"]
[BlackTitle "GM"]
[WhiteElo "2738"]
[BlackElo "2812"]
[WhiteFideId "14100010"]
[BlackFideId "5202213"]
[EventDate "2017.06.28"]

1. d4 Nf6 2. c4 e6 3. Nf3 d5 4. Nc3 Be7 5. Bg5 h6 6. Bh4 O-O 7. e3 Ne4 8. Bxe7
Qxe7 9. Rc1 c6 10. Qc2 Nxc3 11. Qxc3 Nd7 12. Be2 dxc4 13. Qxc4 e5 14. O-O exd4
15. Nxd4 Nb6 16. Qc5 Qxc5 17. Rxc5 Rd8 18. Rfc1 Be6 19. a3 Kf8 20. f3 Rd6 21.
Kf2 Rad8 22. b4 a6 23. h4 Nd5 24. Bc4 Nc7 25. Be2 Nd5 26. Rd1 g6 27. g4 Bc8 28.
Rcc1 Re8 29. Nc2 Rde6 30. e4 Nc3 31. Re1 Rf6 32. Kg3 Rd6 33. Bf1 g5 1/2-1/2

[Event "GCT Rapid YourNextMove"]
[Site "Leuven BEL"]
[Date "2017.06.30"]
[Round "9.4"]
[White "Giri, Anish"]
[Black "Kramnik, Vladimir"]
[Result "1/2-1/2"]
[WhiteTitle "GM"]
[BlackTitle "GM"]
[WhiteElo "2771"]
[BlackElo "2808"]
[WhiteFideId "24116068"]
[BlackFideId "4101588"]
[EventDate "2017.06.28"]

1. c4 e6 2. Nc3 Bb4 3. Qc2 c5 4. a3 Bxc3 5. Qxc3 Qf6 6. Qxf6 Nxf6 7. b4 b6 8.
Nf3 Nc6 9. Rb1 d6 10. e3 e5 11. bxc5 bxc5 12. d3 Bf5 13. e4 Bg4 14. Be2 Bxf3 15.
Bxf3 Ke7 16. Be3 Rhb8 17. Kd2 Rb6 18. Rb5 Ne8 19. Rhb1 Rab8 20. Bd1 Nc7 21. Rxb6
axb6 22. f4 exf4 23. Bxf4 Ne6 24. Be3 Ne5 25. a4 Nc6 26. Kc3 f6 27. Bg4 Ned4 28.
Bd1 Kd8 29. Rb2 Kc7 30. Rf2 h5 31. g3 Rh8 32. h4 Kb7 33. Rg2 Rh7 34. Rf2 Kc7 35.
Rf1 Kb7 36. Rf2 Ka6 37. Rf1 Kb7 38. Rf2 Rh8 39. Rf1 Kc7 40. Rf2 Ra8 41. Rf1 Kd8
42. Rf2 Kd7 43. Rb2 Ra6 44. Rg2 Ke7 45. g4 hxg4 46. Rxg4 Ne6 47. h5 Ra8 48. Rg2
Ne5 49. Rb2 Nd7 50. Rg2 Rh8 51. Ra2 Ne5 52. Rb2 Nd7 53. Ra2 Ra8 54. Rg2 Rh8 1/2-1/2